000 00508nam a2200205Ia 4500
008 170203s9999 xx 000 0 und d
020 _a0-673820890
050 _aFic
050 _b.B592 1993
245 4 _aThe Big blank piece of paper :
245 _bartists at work /
260 _aGlenview, Ill. :
260 _bScott, Foresman,
260 _c1993
300 _a128 pages;
300 _bcolor illustrations ;
300 _c25 cm.
650 _aChildren's literature.
650 _aReading.
999 _c306170
_d306170